The lighted path: (Record no. 144475)

MARC details
000 -LEADER
fixed length control field 00526nam a22001697a 4500
010 ## - LCCN (DPL NO)
LC control number ENG-120391
020 ## - INTERNATIONAL STANDARD BOOK NUMBER
International Standard Book Number 9789382191896
Terms of availability 125.00
035 ## - SYSTEM CONTROL NUMBER
System control number EN-103923
037 ## - SOURCE OF ACQUISITION
Source of stock number/acquisition DBAD /PUB
082 ## - DEWEY DECIMAL CLASSIFICATION NUMBER
Classification number S
100 ## - MAIN ENTRY--PERSONAL NAME
Personal name Omji Singh
245 ## - TITLE STATEMENT
Title The lighted path:
Statement of responsibility, etc by Omji Singh
Remainder of title a motivational feast with stories /
260 ## - PUBLICATION, DISTRIBUTION, ETC. (IMPRINT)
Place of publication, distribution, etc Chandigarh
Name of publisher, distributor, etc Mohindra Capital Publishers
Date of publication, distribution, etc 2017
270 ## - ADDRESS
Address Plot No-25/7, Indl.Area, Phase-II( Near Tribune Chowk)
City Chandigarh
Postal code 160002
300 ## - PHYSICAL DESCRIPTION
Extent 91,p.
Dimensions 22cm(pbk)
942 ## - ADDED ENTRY ELEMENTS (KOHA)
Source of classification or shelving scheme Dewey Decimal Classification
Item type English Books
Classification part S
Call number suffix OMJ
Holdings
Withdrawn status Lost status Not for loan Collection code Home library Current library Date acquired Source of acquisition Cost, normal purchase price Full call number Barcode Copy number Cost, replacement price Koha item type
      Fiction Ashok Vihar Ashok Vihar 13/09/2017 DBAD/PUB 125.00 S OMJ EN-103923 1 125.00 English Books

© Delhi Public Library
Hit Counter
free hit counter